000 00707nam a22002052 4500
001 0000012146
005 20151217152107.0
008 090209s xx 000 0 eng d
040 _aKABU
_cKABU
100 1 _aChelule, Fredrick K.
_@0000168351
245 1 0 _aMinister's handbook :
_bwhat every minister of the word of God should know about the mission field /
_cFredrick K. Chelule & Esther C. Chelule.
250 _a1st ed.
260 _aNairobi :
_bChelule,
_c2001.
300 _ax, 56 p.
650 0 _aMissions
_xHandbooks, manuals, etc.
_@0000168352
700 1 _aChelule, Esther C.
_@0000168353
852 1 _9p200 KES
908 _a090209
950 _@1
999 _c8190
_d8190